000 00603nam a2200241Ia 4500
003 OSt
005 20221005123509.0
006 a|||||r|||| 00| 0
007 ta
008 221004b |||||||| |||| 00| 0 eng d
024 _a49572
037 _cTextual
040 _aCRL
_cCRL
_beng
041 _2eng
_aeng
082 _aP151wE88, G6
100 _aBuhler G
245 0 _aLife of Hemacandracarya tr by Manilal Patel
260 _c1936
490 _aSinghi Jaina Series,11
650 _aLINGUISTICS
942 _hP151wE88, G6
_cTEXL
_2cc
999 _c1047600
_d1047600